Intermediate accounting. / (Record no. 8071)
[ view plain ]
| 000 -LEADER | |
|---|---|
| fixed length control field | 01744cam a2200337 a 4500 |
| 001 - CONTROL NUMBER | |
| control field | 4018103 |
| 003 - CONTROL NUMBER IDENTIFIER | |
| control field | OSt |
| 005 - DATE AND TIME OF LATEST TRANSACTION | |
| control field | 20211122114622.0 |
| 008 - FIXED-LENGTH DATA ELEMENTS--GENERAL INFORMATION | |
| fixed length control field | 970815s1998 maua b 001 0 eng |
| 010 ## - LIBRARY OF CONGRESS CONTROL NUMBER | |
| LC control number | 97039530 |
| 020 ## - INTERNATIONAL STANDARD BOOK NUMBER | |
| International Standard Book Number | 9780470161012 |
| 035 ## - SYSTEM CONTROL NUMBER | |
| System control number | (DLC) 97039530 |
| 040 ## - CATALOGING SOURCE | |
| Original cataloging agency | DLC |
| Transcribing agency | LC |
| Modifying agency | DLC |
| 050 00 - LIBRARY OF CONGRESS CALL NUMBER | |
| Classification number | HF5635.K47 |
| 082 00 - DEWEY DECIMAL CLASSIFICATION NUMBER | |
| Classification number | 657/.044 |
| Edition number | 21 |
| 100 1# - MAIN ENTRY--PERSONAL NAME | |
| Personal name | Kieso, Donald E. |
| 245 10 - TITLE STATEMENT | |
| Title | Intermediate accounting. / |
| Statement of responsibility, etc. | Donald E. Kieso, et al. |
| 250 ## - EDITION STATEMENT | |
| Edition statement | 9th ed. |
| 260 ## - PUBLICATION, DISTRIBUTION, ETC. | |
| Place of publication, distribution, etc. | Canada: |
| Name of publisher, distributor, etc. | John Wiley & Sons, |
| Date of publication, distribution, etc. | 2010. |
| 300 ## - PHYSICAL DESCRIPTION | |
| Extent | xx, 828 p. : |
| Other physical details | ill. (col.); |
| Dimensions | 28 cm. |
| 500 ## - GENERAL NOTE | |
| General note | Includes index. |
| 505 ## - FORMATTED CONTENTS NOTE | |
| Formatted contents note | Contents: The Canadian financial reporting environment -- Conceptual framework underlying financial reporting -- The accounting information system -- Reporting financial performance -- Financial position and cash flows -- Revenue recognition -- Cash and receivables -- Inventory -- Investments -- Property, plant and equipment: accounting model basics -- Depreciation, impairment and disposition -- Intangible assets and goodwill -- Non-financial and current liabilities -- Long-term financial liabilities -- Shareholder's equity -- Complex financial instruments -- Earning per share -- Income taxes -- Pensions and other employee future benefits -- Leases -- Accounting changes and error analysis -- Statement of cash flows -- Other measurement and disclosure issues -- |
| 650 #0 - SUBJECT ADDED ENTRY--TOPICAL TERM | |
| Topical term or geographic name entry element | Accounting. |
| 700 1# - ADDED ENTRY--PERSONAL NAME | |
| Personal name | Weygandt, Jerry J. |
| 700 1# - ADDED ENTRY--PERSONAL NAME | |
| Personal name | Warfield, Terry D. |
| 700 1# - ADDED ENTRY--PERSONAL NAME | |
| Fuller form of name | Young, Nicola M. |
| 700 1# - ADDED ENTRY--PERSONAL NAME | |
| Fuller form of name | Wiecek, Irene M. |
| 856 ## - ELECTRONIC LOCATION AND ACCESS | |
| Uniform Resource Identifier | <a href="http://www.loc.gov/catdir/description/mh023/97039530.html">http://www.loc.gov/catdir/description/mh023/97039530.html</a> |
| 856 41 - ELECTRONIC LOCATION AND ACCESS | |
| Materials specified | Table of contents |
| Uniform Resource Identifier | <a href="http://www.loc.gov/catdir/toc/mh022/97039530.html">http://www.loc.gov/catdir/toc/mh022/97039530.html</a> |
| 942 ## - ADDED ENTRY ELEMENTS (KOHA) | |
| Source of classification or shelving scheme | Library of Congress Classification |
| Koha item type | Books |
| Withdrawn status | Lost status | Source of classification or shelving scheme | Damaged status | Not for loan | Home library | Current library | Shelving location | Date acquired | Total Checkouts | Full call number | Barcode | Date last seen | Copy number | Price effective from | Koha item type |
|---|---|---|---|---|---|---|---|---|---|---|---|---|---|---|---|
| Library of Congress Classification | WISCONSIN INTERNATIONAL UNIVERSITY COLLEGE, GHANA KUMASI LIBRARY | WISCONSIN INTERNATIONAL UNIVERSITY COLLEGE, GHANA KUMASI LIBRARY | General Stacks | 31/10/2019 | HF5635.K47(9e) | K/1076/1076/19 | 22/11/2021 | 1 | 22/11/2021 | Books | |||||
| Library of Congress Classification | WISCONSIN INTERNATIONAL UNIVERSITY COLLEGE, GHANA KUMASI LIBRARY | WISCONSIN INTERNATIONAL UNIVERSITY COLLEGE, GHANA KUMASI LIBRARY | General Stacks | 31/10/2019 | HF5635.K471(9e) | K/1494/1494/19 | 24/11/2021 | 2 | 22/11/2021 | Books |
